| 000 | 00495nam a2200193Ia 4500 | ||
|---|---|---|---|
| 001 | 6089 | ||
| 008 | 170130s1992 ii g b000 u 465 u | ||
| 082 | _a824.08 | ||
| 100 |
_aSelby, F.G., _eAuthor. |
||
| 245 | 0 |
_aBacon`s Essay / _cF.G. Selby. _hTextual Documents |
|
| 250 | _a1st ed. / | ||
| 260 |
_aMadras : _bMacmillan India Ltd. , _c1992. |
||
| 300 |
_axxviii, 300p. ; _c18cm.. |
||
| 504 | _aIndex | ||
| 653 | _aEnglish | ||
| 653 | _aBacon-Essays | ||
| 653 | _aG-English | ||
| 942 |
_2ddc _cBK |
||
| 999 |
_c6076 _d6076 |
||